Ibero-América y Alemania (Record no. 187780)

MARC details
000 -LEADER
campo de control de longitud fija 00767nam a2200181 i 4500
001 - NÚMERO DE CONTROL
campo de control 187780
003 - IDENTIFICADOR DE NÚMERO DE CONTROL
campo de control ES-MaACL
005 - FECHA Y HORA DE LA ÚLTIMA TRANSACCIÓN
campo de control 20230906223028.0
008 - DATOS DE LONGITUD FIJA--INFORMACIÓN GENERAL
campo de control de longitud fija 180221s1933 gw |||| | spa d
245 00 - MENCIÓN DEL TÍTULO
Título Ibero-América y Alemania
Resto del título : obra colectiva sobre las relaciones amistosas, desarme e igualdad de derechos /
Mención de responsabilidad, etc. publicada por Wilhelm Faupel, Adolf Grabowsky, M. Cruchaga Ossa, Karl Heinrich Panhorst, Werner v. Rheinbaben.
260 ## - PUBLICACIÓN, DISTRIBUCIÓN, ETC.
Lugar de publicación, distribución, etc. Berlin :
Nombre del editor, distribuidor, etc. Carl Heymanns,
Fecha de publicación, distribución, etc. 1933.
300 ## - DESCRIPCIÓN FÍSICA
Extensión XVI, 317 p. :
Otras características físicas il. ;
Dimensiones 24 cm.
650 #4 - PUNTO DE ACCESO ADICIONAL DE MATERIA--TÉRMINO DE MATERIA
Término de materia o nombre geográfico como elemento de entrada Desarme-
Subdivisión geográfica Alemania.
9 (RLIN) 164294
650 04 - PUNTO DE ACCESO ADICIONAL DE MATERIA--TÉRMINO DE MATERIA
Término de materia o nombre geográfico como elemento de entrada Guerra mundial, 1914-1918-
Subdivisión general Paz.
9 (RLIN) 13225
651 #4 - PUNTO DE ACCESO ADICIONAL DE MATERIA--NOMBRE GEOGRÁFICO
Nombre geográfico América Latina-
Subdivisión general Relaciones-
Subdivisión geográfica Alemania.
9 (RLIN) 164295
700 1# - ENTRADA AGREGADA--NOMBRE PERSONAL
Nombre de persona Faupel, Wilhelm (
Fechas asociadas al nombre 1873-1945)
9 (RLIN) 164296
852 ## - LOCALIZACIÓN
Ubicación ES-MaACL
Número de control de estantería A-1892
Holdings
Estatus retirado Estado de pérdida Estado de daño No para préstamo Biblioteca de origen Biblioteca actual Ubicación en estantería Fecha de adquisición Fuente de adquisición Total de préstamos Signatura topográfica completa Código de barras Visto por última vez Precio de reemplazo Tipo de ítem Koha
        Biblioteca del Ateneo de Madrid Biblioteca del Ateneo de Madrid Sala Pecera Planta 1 21/02/2018     A-1892 1198392 23/02/2023 23/02/2023 Libro impreso